| 000 -LEADER |
| fixed length control field |
00797nam a2200241 a 4500 |
| 001 - CONTROL NUMBER |
| control field |
18705 |
| 003 - CONTROL NUMBER IDENTIFIER |
| control field |
BD-DhUAP |
| 005 - DATE AND TIME OF LATEST TRANSACTION |
| control field |
20200208134429.0 |
| 008 - FIXED-LENGTH DATA ELEMENTS--GENERAL INFORMATION |
| fixed length control field |
200208s2011 bg b 001 0 eng |
| 020 ## - INTERNATIONAL STANDARD BOOK NUMBER |
| International Standard Book Number |
9848272518 |
| 040 ## - CATALOGING SOURCE |
| Original cataloging agency |
BD-DhAAL |
| Transcribing agency |
BD-DhAAL |
| Language of cataloging |
Eng |
| Modifying agency |
BD-DhUAP |
| 082 00 - DEWEY DECIMAL CLASSIFICATION NUMBER |
| Classification number |
347.5492077 NEO |
| Edition number |
23 |
| 100 1# - MAIN ENTRY--PERSONAL NAME |
| Personal name |
Neogi, Probir. |
| 9 (RLIN) |
1676 |
| 245 1# - TITLE STATEMENT |
| Title |
The law of specific relief : |
| Remainder of title |
commentary on the specific relief act, 1877 / |
| Statement of responsibility, etc. |
Probir Neogi. |
| 260 ## - PUBLICATION, DISTRIBUTION, ETC. |
| Place of publication, distribution, etc. |
Dhaka : |
| Name of publisher, distributor, etc. |
Mullick Brothers, |
| Date of publication, distribution, etc. |
c2011. |
| 300 ## - PHYSICAL DESCRIPTION |
| Extent |
cxxxvi, 958 pages ; |
| Dimensions |
22 cm. |
| 504 ## - BIBLIOGRAPHY, ETC. NOTE |
| Bibliography, etc. note |
Includes Bibliographical references and index. |
| 610 10 - SUBJECT ADDED ENTRY--CORPORATE NAME |
| Corporate name or jurisdiction name as entry element |
Bangladesh |
| Title of a work |
Specific Relief Act, 1877. |
| 9 (RLIN) |
1677 |
| 650 #0 - SUBJECT ADDED ENTRY--TOPICAL TERM |
| Topical term or geographic name entry element |
Equitable remedies |
| Geographic subdivision |
Bangladesh. |
| 9 (RLIN) |
1678 |
| 942 ## - ADDED ENTRY ELEMENTS (KOHA) |
| Source of classification or shelving scheme |
|
| Koha item type |
Book |